Alan Greenspan

Život a dielo významného amerického ekonóma Alana Greenspana. Jeho prístup k monetárnej politike a centrálnemu bankovníctvu. Názory na trhy s aktívami. Problém deflácie a centrálna banka.

Salvato in:
Dettagli Bibliografici
Autore principale: Muchová, Eva, 1961-
Altri autori: Táncošová, Judita
Natura: Capitolo di libro
Lingua:slovacco
Soggetti:
Tags: Aggiungi Tag
Nessun Tag, puoi essere il primo ad aggiungerne!!

MARC

LEADER 00000naa$a2200000$$$4500
001 0005603
005 20240502071349.6
041 0 |a slo 
044 |a SK 
245 1 0 |a Alan Greenspan  |c aut. Eva Muchová, Judita Táncošová 
520 |a Život a dielo významného amerického ekonóma Alana Greenspana. Jeho prístup k monetárnej politike a centrálnemu bankovníctvu. Názory na trhy s aktívami. Problém deflácie a centrálna banka. 
610 2 0 |a ekonómovia 
610 2 0 |a Greenspan, A. 
610 2 0 |a teórie ekonomické 
610 2 0 |a životopisy 
610 2 0 |a politika menová 
610 2 0 |a inflácia 
610 2 0 |a deflácia 
610 2 0 |a banky centrálne 
100 1 |a Muchová, Eva, 1961- 
700 1 |a Táncošová, Judita